000 00506cam a2200205ua 4500
001 9010
005 20260515114420.0
008 150219n ii |||gr||||Z||||||asm
040 _cMAIN
041 _aasm
082 _a491.4515
100 _aChaudhury, B. N.,
_eAuthor.
245 1 _aAsomiya bhasar byakaran
_cBy B. N. Chaudhury
250 _a1st.
260 _aGuwahati:
_bPB,
_c1982.
300 _a120p.
653 _aEast Indo-European & Celtic languages
653 _aAssamese grammar
942 _cBK
999 _c8094
_d8094